[Event "chess.com IoM Masters"]
[Site "Douglas ENG"]
[Date "2016.10.06"]
[Round "6.60"]
[White "Guo, Emma"]
[Black "Player, Edmund C"]
[Result "0-1"]
[WhiteTitle "WIM"]
[WhiteElo "2018"]
[BlackElo "2227"]
[WhiteFideId "3200795"]
[BlackFideId "406520"]
[EventDate "2016.10.01"]

1. e4 e6 2. d4 d5 3. Nd2 Be7 4. Bd3 c5 5. e5 Nh6 6. c3 Nc6 7. Ne2 cxd4 8. cxd4
f6 9. Nf3 Nf7 10. O-O O-O 11. Bf4 Kh8 12. a3 fxe5 13. Nxe5 Nfxe5 14. dxe5 Qe8
15. Bg3 Bd7 16. Rc1 Rc8 17. b4 Bd8 18. Bb1 Bb6 19. Kh1 Qh5 20. Qd3 Ne7 21. Nd4
Rxc1 22. Rxc1 Nc6 23. Nxc6 Bxc6 24. b5 Be8 25. Rc8 Kg8 26. h3 Bg6 27. Rxf8+ Kxf8
28. Qb3 Bxb1 29. Qxb1 h6 30. Qc1 Qe8 31. a4 Qd7 32. a5 Bd8 33. Qa3+ Be7 34. Qb3
Qc7 35. a6 Bc5 36. Kg1 Qb6 37. axb7 Qxb7 38. Qa4 Qb6 39. Kf1 Kg8 40. Bh4 Bd4 41.
Bg3 Qc5 42. Kg1 Qc3 43. Qa6 Qxg3 44. Qxe6+ Kh7 0-1

[Event "chess.com IoM Masters"]
[Site "Douglas ENG"]
[Date "2016.10.06"]
[Round "6.61"]
[White "Rocabado, Fernando"]
[Black "Fathallah, Joe"]
[Result "0-1"]
[WhiteElo "2187"]
[BlackElo "1990"]
[WhiteFideId "105341"]
[BlackFideId "1801899"]
[EventDate "2016.10.01"]

1. Nf3 d5 2. d4 e6 3. c4 c6 4. Nc3 f5 5. Bg5 Nf6 6. e3 Be7 7. Qc2 O-O 8. Bd3 Ne4
9. Bxe7 Qxe7 10. O-O Nd7 11. Rad1 Rf6 12. Ne5 Rh6 13. Bxe4 fxe4 14. f4 exf3 15.
Rxf3 Nxe5 16. dxe5 Bd7 17. Rdf1 Be8 18. Qf2 Bg6 19. cxd5 exd5 20. e6 Bh5 21. g4
Rg6 22. h3 Rg5 23. Rf5 Bg6 24. Rxg5 Qxg5 25. Ne2 h5 26. Qf4 Qe7 27. gxh5 Bd3 28.
Rf2 Bxe2 29. Rxe2 Qxe6 30. Rg2 Kh8 31. Rg6 Qe4 32. Qg5 Qb1+ 33. Kh2 Qxb2+ 34.
Kg3 Rf8 0-1

[Event "chess.com IoM Masters"]
[Site "Douglas ENG"]
[Date "2016.10.06"]
[Round "6.62"]
[White "Scott, Luke"]
[Black "Vardan, Nagpal"]
[Result "0-1"]
[WhiteElo "2018"]
[BlackElo "2117"]
[WhiteFideId "2507986"]
[BlackFideId "25089544"]
[EventDate "2016.10.01"]

1. d4 Nf6 2. c4 e6 3. Nf3 d5 4. Nc3 c6 5. e3 a6 6. cxd5 exd5 7. Bd3 Nbd7 8. O-O
Bd6 9. Re1 O-O 10. a3 Re8 11. Qc2 Nf8 12. h3 Bd7 13. b4 Ne6 14. Ne5 Ng5 15. f4
Nge4 16. Nxe4 Nxe4 17. Bxe4 dxe4 18. Nc4 Bc7 19. Bb2 Be6 20. Rac1 Bd5 21. a4 f6
22. Ba3 Qd7 23. Nd2 g5 24. fxg5 Qd6 25. Nf1 fxg5 26. Qc5 Qe6 27. Nh2 h5 28. Qc2
Qd6 29. Nf1 g4 30. hxg4 hxg4 31. Qe2 Re7 32. Rc3 b5 33. Qxg4+ Rg7 34. Qf4 Qg6
35. Qf2 Rf8 36. Qc2 Qh6 37. Qe2 Kh8 0-1

[Event "chess.com IoM Masters"]
[Site "Douglas ENG"]
[Date "2016.10.06"]
[Round "6.63"]
[White "Ottosen, David"]
[Black "Hamer, Martyn"]
[Result "1-0"]
[WhiteElo "2105"]
[BlackElo "2063"]
[WhiteFideId "2603080"]
[BlackFideId "413160"]
[EventDate "2016.10.01"]

1. e4 e5 2. Nf3 Nc6 3. Bb5 Nf6 4. d3 Bc5 5. c3 O-O 6. O-O d6 7. h3 a6 8. Ba4 Ba7
9. Bg5 Qe7 10. Nbd2 Nd8 11. Qe2 Ne6 12. Be3 Nc5 13. Bc2 Bd7 14. b4 Na4 15. Nb1
Bxe3 16. fxe3 d5 17. exd5 Nxd5 18. Qd2 Rad8 19. e4 Nf6 20. Qg5 Rfe8 21. a3 Bb5
22. Nh4 Nd5 23. Qg3 Ndxc3 24. Rf2 Kh8 25. Nf5 Qf8 26. Nd2 Nb2 27. Nc4 Bxc4 28.
dxc4 Nbd1 29. Bxd1 Nxd1 30. Re2 g6 31. Nh4 Qd6 32. Nf3 Nc3 33. Ree1 Qd3 34. Qh4
Kg7 35. Ng5 h6 36. Nxf7 Kxf7 37. Rf1+ Kg8 38. Qf6 Qe3+ 39. Kh2 Qg5 40. Qf7+ Kh8
41. Rf6 Nxe4 42. Rxg6 Qf4+ 43. Qxf4 exf4 44. Rxh6+ Kg7 45. Rh4 f3 46. Rg4+ Kh6
47. gxf3 Rd2+ 48. Kg1 Ng5 49. Rg3 Ree2 50. f4 Ne4 51. Rg4 Re3 52. a4 Rde2 53. f5
Ng5 54. Rg2 Nxh3+ 55. Kh2 Ng5 56. Rxe2 Rxe2+ 57. Kg3 Re4 58. Rc1 Kg7 59. a5 Kf6
60. b5 Kxf5 61. c5 axb5 62. c6 bxc6 63. Rc5+ Re5 64. Rxe5+ Kxe5 65. a6 Ne4+ 66.
Kg2 Kd4 67. a7 c5 68. a8=Q c4 69. Qd8+ Ke3 70. Qxc7 c3 71. Qb6+ Kd3 72. Qxb5+
Kd2 73. Qd5+ Kc1 74. Kf3 c2 75. Ke3 Nc3 76. Qb3 Nd1+ 77. Ke2 Nb2 78. Qa2 1-0

[Event "chess.com IoM Masters"]
[Site "Douglas ENG"]
[Date "2016.10.06"]
[Round "6.64"]
[White "Tiwari, Ashwani"]
[Black "Johnson, Paul A"]
[Result "1-0"]
[WhiteTitle "FM"]
[WhiteElo "2090"]
[BlackElo "1893"]
[WhiteFideId "5006961"]
[BlackFideId "415677"]
[EventDate "2016.10.01"]

1. e4 e5 2. Nf3 Nc6 3. Bb5 a6 4. Ba4 Nf6 5. O-O Be7 6. Bxc6 dxc6 7. d3 Bg4 8. h3
Bxf3 9. Qxf3 Qd7 10. Nd2 O-O 11. Nc4 Qe6 12. Bg5 Nd7 13. Bxe7 Qxe7 14. Qg3 f6
15. Ne3 Kh8 16. Nf5 Qf7 17. f4 g6 18. Ne3 Qg7 19. Rf2 Rf7 20. fxe5 fxe5 21. Rxf7
Qxf7 22. Rf1 Qe7 23. Kh2 Rf8 24. Rxf8+ Qxf8 25. Nc4 Qf6 26. Kg1 b6 27. d4 Qf4
28. Qd3 Qf6 29. c3 a5 30. Nxe5 Nxe5 31. dxe5 Qxe5 32. Qd4 Qxd4+ 33. cxd4 c5 34.
dxc5 bxc5 35. Kf2 Kg7 36. e5 Kf7 37. Ke3 Ke6 38. Ke4 c6 39. b3 Ke7 40. Kd3 Ke6
41. Kc4 Kxe5 42. Kxc5 Kf4 43. Kxc6 Kg3 44. a3 Kxg2 45. b4 axb4 46. axb4 Kxh3 47.
b5 g5 48. b6 g4 49. b7 g3 50. b8=Q g2 51. Qb3+ Kh2 52. Qc2 h5 53. Qf2 Kh1 54.
Qh4+ Kg1 55. Qxh5 Kf2 56. Qf5+ Kg3 57. Qg5+ Kf2 58. Qf4+ Ke2 59. Qg3 Kf1 60.
Qf3+ Kg1 61. Kd5 Kh2 62. Qf2 Kh1 63. Qh4+ Kg1 64. Ke4 Kf1 65. Kf3 1-0

[Event "chess.com IoM Masters"]
[Site "Douglas ENG"]
[Date "2016.10.06"]
[Round "6.65"]
[White "Thomson, Neil"]
[Black "Birkett, Richard"]
[Result "0-1"]
[WhiteElo "2002"]
[BlackElo "1996"]
[WhiteFideId "2402246"]
[BlackFideId "2401819"]
[EventDate "2016.10.01"]

1. e4 e5 2. Nf3 Nc6 3. Bc4 Nf6 4. d3 Bc5 5. O-O d6 6. c3 a6 7. Bb3 Bg4 8. h3 Bd7
9. Re1 h6 10. d4 Ba7 11. Be3 g5 12. Nh2 Rg8 13. Ng4 Nxg4 14. hxg4 Qf6 15. d5
Bxe3 16. Rxe3 Ne7 17. g3 Qg6 18. Qe2 Rh8 19. Bd1 Ng8 20. f3 Nf6 21. Nd2 h5 22.
gxh5 Nxh5 23. Qg2 O-O-O 24. c4 Rdg8 25. Nf1 Nf4 26. Qc2 Rh3 27. Kf2 Rgh8 28. Ke1
Rh1 29. Be2 Ng2+ 30. Kd2 Nxe3 31. Kxe3 g4 32. c5 dxc5 33. a4 c4 34. Bxc4 Qb6+
35. Kd2 R8h2+ 36. Nxh2 Rxh2+ 37. Be2 gxf3 38. Re1 Qd4+ 39. Kc1 Qe3+ 40. Kb1 Rxe2 0-1

[Event "chess.com IoM Masters"]
[Site "Douglas ENG"]
[Date "2016.10.07"]
[Round "7.1"]
[White "Vidit, Santosh Gujrathi"]
[Black "Eljanov, Pavel"]
[Result "0-1"]
[WhiteTitle "GM"]
[BlackTitle "GM"]
[WhiteElo "2686"]
[BlackElo "2741"]
[WhiteFideId "5029465"]
[BlackFideId "14102951"]
[EventDate "2016.10.01"]

1. d4 Nf6 2. c4 e6 3. Nf3 b6 4. g3 Bb4+ 5. Bd2 Be7 6. Nc3 Bb7 7. Bg2 c6 8. e4 d5
9. exd5 cxd5 10. Ne5 O-O 11. O-O Nc6 12. cxd5 Nxe5 13. d6 Nc6 14. dxe7 Qxe7 15.
Bg5 h6 16. d5 Na5 17. d6 Qd8 18. Bxf6 Qxf6 19. Qe2 Bxg2 20. Kxg2 Qd8 21. Rfd1
Qd7 22. Rd4 Rac8 23. Rad1 Nc6 24. R4d2 Na5 25. g4 Rfd8 26. Ne4 Nc4 27. Rc2 Ne5
28. Rdc1 Rxc2 29. Rxc2 Qb7 30. f3 Qd5 31. Rd2 Qc4 32. Qe1 f5 33. gxf5 exf5 34.
Qg3 Qe6 35. Nc3 Nc4 36. Re2 Qxd6 37. Qxd6 Rxd6 38. b3 Rd3 39. Nb5 Ne3+ 40. Kf2
Nd1+ 41. Ke1 Nc3 42. Nxc3 Rxc3 43. Re7 Rxf3 44. Rxa7 Rh3 45. Rb7 Rxh2 46. a4 h5
47. Rxb6 h4 48. Kf1 h3 49. Rb4 Ra2 50. Kg1 g5 51. Rb5 Rg2+ 52. Kh1 Rf2 53. Kg1
h2+ 54. Kh1 g4 55. Rc5 g3 56. Rc1 f4 57. a5 f3 0-1

[Event "chess.com IoM Masters"]
[Site "Douglas ENG"]
[Date "2016.10.07"]
[Round "7.2"]
[White "Caruana, Fabiano"]
[Black "Rodshtein, Maxim"]
[Result "1-0"]
[WhiteTitle "GM"]
[BlackTitle "GM"]
[WhiteElo "2813"]
[BlackElo "2687"]
[WhiteFideId "2020009"]
[BlackFideId "2806851"]
[EventDate "2016.10.01"]

1. e4 e5 2. Nf3 Nc6 3. Bb5 Nf6 4. d3 d6 5. O-O Be7 6. c3 O-O 7. Re1 Re8 8. h3
Bf8 9. Bg5 h6 10. Bh4 Bd7 11. Nbd2 Be7 12. Bg3 Bf8 13. a4 a6 14. Bc4 Be6 15.
Bxe6 Rxe6 16. d4 exd4 17. cxd4 d5 18. e5 Nh7 19. Nb1 Ng5 20. Nxg5 hxg5 21. Nc3
Nb4 22. Re2 Rc8 23. a5 c5 24. dxc5 Bxc5 25. Rd2 d4 26. Ne4 d3 27. Qg4 Be7 28.
Nd6 Bxd6 29. exd6 Nc2 30. Rad1 Ne1 31. Qa4 b5 32. axb6 Qxb6 33. d7 Rd8 34. Kf1
Re2 35. Qc4 Qb7 36. Rxe2 dxe2+ 37. Qxe2 Qxg2+ 38. Kxe1 Qh1+ 39. Kd2 Rxd7+ 40.
Kc2 Qc6+ 41. Kb1 Qg6+ 42. Ka2 Rxd1 43. Qxd1 Qe6+ 44. Ka3 Qxh3 45. Qd8+ Kh7 46.
Qxg5 Qf1 47. Be5 f6 48. Qh4+ Kg8 49. Bc3 Kf7 50. Qd4 Kg6 51. Qc5 Qa1+ 52. Kb4
Qa2 53. Qc4 Qa1 54. Kc5 a5 55. Kb5 a4 56. b3 1-0

[Event "chess.com IoM Masters"]
[Site "Douglas ENG"]
[Date "2016.10.07"]
[Round "7.3"]
[White "So, Wesley"]
[Black "Salem, A.R. Saleh"]
[Result "1-0"]
[WhiteTitle "GM"]
[BlackTitle "GM"]
[WhiteElo "2794"]
[BlackElo "2650"]
[WhiteFideId "5202213"]
[BlackFideId "9301348"]
[EventDate "2016.10.01"]

1. d4 Nf6 2. c4 g6 3. f3 c5 4. d5 d6 5. e4 Bg7 6. Ne2 e6 7. Nbc3 O-O 8. Ng3 exd5
9. cxd5 Nh5 10. Nxh5 gxh5 11. Be2 Qh4+ 12. g3 Qe7 13. Qd2 a6 14. Qg5 Qxg5 15.
Bxg5 Re8 16. Bf4 Bf8 17. a4 Nd7 18. h3 Ne5 19. g4 Bd7 20. Kf2 Rac8 21. Rhg1 hxg4
22. hxg4 Ng6 23. Bg3 Rb8 24. Nd1 b5 25. axb5 Bxb5 26. Bxb5 axb5 27. Ne3 Bg7 28.
Bxd6 Bxb2 29. Rab1 Bd4 30. Bxb8 Rxb8 31. Rgd1 Nf4 32. Rxd4 cxd4 33. Nf5 Nd3+ 34.
Ke2 Nf4+ 35. Kd2 Ra8 36. Nxd4 Ra3 37. Rb3 Rxb3 38. Nxb3 h5 39. gxh5 Nxh5 40. Kc3
Kf8 41. Nd4 Ke7 42. Nxb5 Nf4 43. Kd4 f6 44. Ke3 Ng2+ 45. Kf2 Nf4 46. Kg3 Nd3 47.
Kg4 Ne5+ 48. Kf4 Nc4 49. Kf5 Kf7 50. Nd4 Ne3+ 51. Kf4 Nc4 52. Nc6 Nd6 53. Ke3
Nb5 54. Kd3 Ke8 55. f4 Kd7 56. e5 fxe5 57. fxe5 Nc7 58. Kc4 1-0

[Event "chess.com IoM Masters"]
[Site "Douglas ENG"]
[Date "2016.10.07"]
[Round "7.4"]
[White "Howell, David W L"]
[Black "Adams, Michael"]
[Result "1/2-1/2"]
[WhiteTitle "GM"]
[BlackTitle "GM"]
[WhiteElo "2644"]
[BlackElo "2745"]
[WhiteFideId "410608"]
[BlackFideId "400041"]
[EventDate "2016.10.01"]

1. Nf3 d5 2. c4 e6 3. g3 Nf6 4. Bg2 Be7 5. O-O O-O 6. d4 dxc4 7. Ne5 Nc6 8. Nxc6
bxc6 9. Na3 Bxa3 10. bxa3 Ba6 11. Qd2 Rb8 12. Qa5 Qc8 13. a4 Rd8 14. Ba3 Rxd4
15. Rfb1 Rb6 16. Bc5 Rd7 17. Rd1 Rb8 18. Rxd7 Nxd7 19. Bxa7 Ra8 20. Bd4 f6 21.
Bxc6 Bb7 22. Qb5 Nb6 23. Rc1 Bxc6 24. Qxc6 Qd7 25. Qxd7 Nxd7 26. Rxc4 c5 27. Bc3
Kf7 28. a5 e5 29. Kf1 Ke6 30. e4 Kd6 31. Ke2 Kc6 32. Kd3 Rd8 33. Kc2 Nb8 34. Bd2
Na6 35. a4 Nc7 36. Be3 1/2-1/2

[Event "chess.com IoM Masters"]
[Site "Douglas ENG"]
[Date "2016.10.07"]
[Round "7.5"]
[White "Grandelius, Nils"]
[Black "Naiditsch, Arkadij"]
[Result "1/2-1/2"]
[WhiteTitle "GM"]
[BlackTitle "GM"]
[WhiteElo "2642"]
[BlackElo "2684"]
[WhiteFideId "1710400"]
[BlackFideId "4650891"]
[EventDate "2016.10.01"]

1. d4 Nf6 2. c4 e6 3. Nc3 d5 4. Bg5 c5 5. cxd5 cxd4 6. Qxd4 Nc6 7. Bxf6 gxf6 8.
Qd2 exd5 9. e3 d4 10. exd4 Qxd4 11. Bd3 Be6 12. Nf3 Qb6 13. Be4 Rd8 14. Qe2 Bg7
15. O-O O-O 16. Nh4 Nd4 17. Qh5 h6 18. Nd5 Bxd5 19. Bxd5 Qb5 20. Ng6 Qe2 21.
Qxe2 Nxe2+ 22. Kh1 Rfe8 23. Rad1 Rxd5 24. Rxd5 fxg6 25. g3 f5 26. Rfd1 Kf8 27.
Rd7 Nd4 28. Rxg7 Kxg7 29. Rxd4 Re2 30. Rd7+ Kf6 31. Rxb7 Rxf2 32. Kg1 Rc2 33.
Rxa7 Rxb2 34. Ra6+ Kg5 35. Ra4 Rc2 36. Kh1 Rb2 1/2-1/2

[Event "chess.com IoM Masters"]
[Site "Douglas ENG"]
[Date "2016.10.07"]
[Round "7.6"]
[White "Bok, Benjamin"]
[Black "Shirov, Alexei"]
[Result "1/2-1/2"]
[WhiteTitle "GM"]
[BlackTitle "GM"]
[WhiteElo "2594"]
[BlackElo "2679"]
[WhiteFideId "1017063"]
[BlackFideId "2209390"]
[EventDate "2016.10.01"]

1. d4 d5 2. Nf3 Nf6 3. c4 c6 4. Nc3 e6 5. Bg5 dxc4 6. e4 b5 7. e5 h6 8. Bh4 g5
9. Nxg5 hxg5 10. Bxg5 Nbd7 11. g3 Bb7 12. Bg2 Qb6 13. exf6 O-O-O 14. O-O c5 15.
d5 b4 16. Rb1 Qa6 17. dxe6 Bxg2 18. e7 Bxf1 19. Kxf1 Bxe7 20. fxe7 Rdg8 21. Ne4
Rxg5 22. Nxg5 Qg6 23. h4 Re8 24. Rc1 Rxe7 25. Rxc4 Qa6 26. Qd5 Ne5 27. Qxc5+ Kd8
28. Qd5+ Ke8 29. Qa8+ Kd7 30. Qd5+ Ke8 31. Qa8+ Kd7 32. Qd5+ 1/2-1/2

[Event "chess.com IoM Masters"]
[Site "Douglas ENG"]
[Date "2016.10.07"]
[Round "7.8"]
[White "Aravindh, Chithambaram VR."]
[Black "Leko, Peter"]
[Result "1/2-1/2"]
[WhiteTitle "GM"]
[BlackTitle "GM"]
[WhiteElo "2564"]
[BlackElo "2709"]
[WhiteFideId "5072786"]
[BlackFideId "703303"]
[EventDate "2016.10.01"]

1. e4 e5 2. Nf3 Nc6 3. Bb5 Nf6 4. O-O Nxe4 5. Re1 Nd6 6. Nxe5 Be7 7. Bd3 Nxe5 8.
Rxe5 O-O 9. Nc3 Re8 10. Re1 Bf8 11. b3 Rxe1+ 12. Qxe1 b6 13. Qe3 Bb7 14. Qf4 Qe7
15. Bb2 Re8 16. Ne2 Be4 17. Bxe4 Nxe4 18. Qxc7 Nxf2 19. Ng3 Ne4 20. Re1 d5 21.
Qxe7 Bxe7 22. Bd4 Nxg3 23. hxg3 Kf8 24. Kf2 Rc8 25. Bxg7+ Kxg7 26. Rxe7 Rxc2 27.
Rxa7 Rxd2+ 28. Kf3 Kf6 29. g4 b5 30. Rb7 Rxa2 31. Rxb5 Ke5 32. Rb7 Ra1 33. Ke2
Ra2+ 34. Kf3 Rb2 35. g5 Rb1 36. Ke2 Rb2+ 37. Kf3 Rb1 38. Ke2 Rb2+ 1/2-1/2

[Event "chess.com IoM Masters"]
[Site "Douglas ENG"]
[Date "2016.10.07"]
[Round "7.9"]
[White "Sunilduth Lyna, Narayanan"]
[Black "Movsesian, Sergei"]
[Result "1-0"]
[WhiteTitle "GM"]
[BlackTitle "GM"]
[WhiteElo "2536"]
[BlackElo "2677"]
[WhiteFideId "5058422"]
[BlackFideId "310204"]
[EventDate "2016.10.01"]

1. d4 Nf6 2. c4 e6 3. Nf3 Bb4+ 4. Nbd2 O-O 5. a3 Be7 6. e4 d6 7. Bd3 Nbd7 8. O-O
e5 9. b4 exd4 10. Nxd4 Re8 11. Bb2 Bf8 12. Qc2 c6 13. N4b3 b6 14. f4 g6 15. Rae1
Bb7 16. e5 Nh5 17. c5 d5 18. f5 Qg5 19. Nf3 Qg4 20. e6 fxe6 21. fxe6 Ndf6 22. h3
Qf4 23. Bxg6 hxg6 24. Qxg6+ Bg7 25. Ng5 Qg3 26. Be5 Qh4 27. Nd4 1-0

[Event "chess.com IoM Masters"]
[Site "Douglas ENG"]
[Date "2016.10.07"]
[Round "7.10"]
[White "Fressinet, Laurent"]
[Black "Illingworth, Max"]
[Result "1/2-1/2"]
[WhiteTitle "GM"]
[BlackTitle "GM"]
[WhiteElo "2676"]
[BlackElo "2465"]
[WhiteFideId "608742"]
[BlackFideId "3205207"]
[EventDate "2016.10.01"]

1. e4 c5 2. Nf3 d6 3. d4 cxd4 4. Nxd4 Nf6 5. Nc3 Nc6 6. Bc4 e6 7. O-O Be7 8. Be3
Bd7 9. Qe2 O-O 10. Rad1 Qc7 11. Bb3 a6 12. a4 Rac8 13. Kh1 Qb8 14. Nxc6 Bxc6 15.
Bb6 Nd7 16. Bd4 Rfe8 17. f4 Bf6 18. f5 Kh8 19. fxe6 fxe6 20. Qg4 Bxd4 21. Rxd4
Nf6 22. Qh4 Qc7 23. a5 Qxa5 24. Rxd6 Qe5 25. Qf4 Qxf4 26. Rxf4 Rcd8 27. Rxd8
Rxd8 28. Kg1 e5 29. Rf5 Nxe4 30. Nxe4 Bxe4 31. Rxe5 1/2-1/2

[Event "chess.com IoM Masters"]
[Site "Douglas ENG"]
[Date "2016.10.07"]
[Round "7.11"]
[White "Svane, Rasmus"]
[Black "Sargissian, Gabriel"]
[Result "1/2-1/2"]
[WhiteTitle "GM"]
[BlackTitle "GM"]
[WhiteElo "2552"]
[BlackElo "2670"]
[WhiteFideId "4657101"]
[BlackFideId "13300881"]
[EventDate "2016.10.01"]

1. Nf3 Nf6 2. c4 e6 3. Nc3 Bb4 4. Qc2 c5 5. a3 Ba5 6. e3 O-O 7. Be2 Nc6 8. O-O
e5 9. b3 d6 10. Bb2 Bg4 11. Nd5 Nxd5 12. cxd5 Nb8 13. Nd4 cxd4 14. Bxg4 Bb6 15.
Rac1 Nd7 16. Bh3 Nf6 17. Qc4 Re8 18. Rfe1 Re7 19. exd4 Rc7 20. Qd3 Nxd5 21. g3
Rxc1 22. Rxc1 Nf6 23. dxe5 dxe5 24. Qxd8+ Rxd8 25. Bxe5 Rxd2 26. Rc8+ Rd8 27.
Rxd8+ Bxd8 28. Bg2 b6 29. Bd6 Ne8 30. Bf4 Nc7 31. Kf1 Ne6 32. Be3 Be7 33. b4 a5
34. bxa5 bxa5 35. a4 Bb4 36. Ke2 Kf8 37. Bc6 Nc5 38. Bd4 f6 39. f4 Ke7 40. Bb5
Kd6 41. Bxc5+ 1/2-1/2

[Event "chess.com IoM Masters"]
[Site "Douglas ENG"]
[Date "2016.10.07"]
[Round "7.12"]
[White "Melkumyan, Hrant"]
[Black "Trent, Lawrence"]
[Result "1-0"]
[WhiteTitle "GM"]
[BlackTitle "IM"]
[WhiteElo "2653"]
[BlackElo "2463"]
[WhiteFideId "13302485"]
[BlackFideId "408638"]
[EventDate "2016.10.01"]

1. e4 e5 2. Nf3 Nc6 3. Bc4 Bc5 4. O-O Nf6 5. d3 d6 6. c3 h6 7. Re1 O-O 8. Nbd2
a6 9. a4 Ne7 10. Nf1 Ng6 11. b4 Ba7 12. Be3 c6 13. Bxa7 Rxa7 14. d4 Bg4 15. h3
Bxf3 16. Qxf3 d5 17. exd5 e4 18. Qg3 cxd5 19. Be2 a5 20. Reb1 Qd7 21. Ne3 Rc8
22. Ra3 Ne7 23. bxa5 Rxa5 24. Qe5 Ng6 25. Qf5 Rc7 26. Rb6 Qd8 27. Rb4 Ne7 28.
Qf4 Ng6 29. Qg3 Ne7 30. Rab3 Qc8 31. Rb6 Ng6 32. Ng4 Nd7 33. R6b4 Kh7 34. h4 h5
35. Ne3 Nf6 36. Nd1 Re7 37. Qg5 Qe8 38. Bxh5 Rxa4 39. Rxb7 Ra1 40. Rb1 Rxb7 41.
Rxa1 Qb8 42. g3 Nf8 43. Ne3 Qd8 44. Ra6 Kh8 45. Bg4 Rc7 46. Ra3 Rc6 47. Rb3 Ne6
48. Qe5 Rb6 49. Rxb6 Qxb6 50. Bf5 Qc6 51. Qb8+ Ng8 52. Ng4 Qc7 53. Qe8 Qe7 54.
Qc8 Nf8 55. Ne3 Nf6 56. g4 Ng8 57. Nxd5 Qa3 58. Bxe4 Ne6 59. Kg2 Qc1 60. Ne7 1-0

[Event "chess.com IoM Masters"]
[Site "Douglas ENG"]
[Date "2016.10.07"]
[Round "7.14"]
[White "Wallace, John Paul"]
[Black "Bachmann, Axel"]
[Result "1-0"]
[WhiteTitle "IM"]
[BlackTitle "GM"]
[WhiteElo "2355"]
[BlackElo "2645"]
[WhiteFideId "3200957"]
[BlackFideId "3700488"]
[EventDate "2016.10.01"]

1. d4 Nf6 2. c4 b6 3. Nf3 Bb7 4. g3 e6 5. Bg2 Bb4+ 6. Bd2 a5 7. O-O O-O 8. Nc3
d6 9. d5 e5 10. Nh4 Nbd7 11. b3 Nc5 12. a3 Bxc3 13. Bxc3 a4 14. b4 Nb3 15. Ra2
Re8 16. b5 Bc8 17. e4 g5 18. Nf5 Bxf5 19. exf5 Nd7 20. f4 gxf4 21. f6 Kh8 22.
gxf4 Rg8 23. Qh5 Qf8 24. Kh1 Rg6 25. fxe5 Nxe5 26. Be4 Rh6 27. Qg5 Re8 28. Raf2
Ng6 29. Bf5 Ne5 30. Rf4 Ng6 31. Re4 Rxe4 32. Bxe4 Rh3 33. Bb2 Qe8 34. Bg2 Rh4
35. Qg3 Rxc4 36. Re1 Qg8 37. Be4 Ne5 38. Bxe5 dxe5 39. Qxe5 Nd2 40. Rg1 Qf8 41.
Bd3 Rh4 42. Qe3 Nb3 43. Rg2 Nc5 44. Qe7 1-0

[Event "chess.com IoM Masters"]
[Site "Douglas ENG"]
[Date "2016.10.07"]
[Round "7.15"]
[White "Van Foreest, Jorden"]
[Black "Hemant, Sharma2"]
[Result "1/2-1/2"]
[WhiteTitle "GM"]
[WhiteElo "2615"]
[BlackElo "2371"]
[WhiteFideId "1039784"]
[BlackFideId "5025842"]
[EventDate "2016.10.01"]

1. e4 c5 2. Nf3 g6 3. d4 cxd4 4. Nxd4 Nc6 5. Nc3 Bg7 6. Be3 Nf6 7. Bc4 Qa5 8.
O-O O-O 9. Bb3 d6 10. h3 Bd7 11. Re1 b5 12. a4 b4 13. Nd5 Rfe8 14. Nxc6 Bxc6 15.
Bd4 Bxd5 16. exd5 Nd7 17. Bxg7 Kxg7 18. Re3 Rac8 19. Qd4+ Kg8 20. Rae1 Qc5 21.
Qh4 Ne5 22. Re4 f6 23. Rxb4 g5 24. Qe4 f5 25. Qd4 Qxd4 26. Rxd4 f4 27. Kf1 Kg7
28. Ke2 a5 29. Kd2 Rc7 30. Ba2 Rb8 31. b3 Kf6 32. Rb1 Rbc8 33. c4 Rb8 34. Kc2
Nd7 35. Rd3 Nc5 36. Rf3 e5 37. dxe6 d5 38. cxd5 Na6+ 39. Kb2 Nb4 1/2-1/2

[Event "chess.com IoM Masters"]
[Site "Douglas ENG"]
[Date "2016.10.07"]
[Round "7.16"]
[White "Balint, Vilmos"]
[Black "Donchenko, Alexander"]
[Result "0-1"]
[BlackTitle "GM"]
[WhiteElo "2334"]
[BlackElo "2581"]
[WhiteFideId "718050"]
[BlackFideId "24603295"]
[EventDate "2016.10.01"]

1. Nf3 Nf6 2. c4 e6 3. g3 a6 4. Bg2 b5 5. b3 c5 6. Nc3 Qb6 7. e4 d6 8. d4 Nc6 9.
dxc5 dxc5 10. e5 Nd7 11. O-O Bb7 12. cxb5 axb5 13. Qe2 b4 14. Na4 Qc7 15. Rd1
Be7 16. Nb2 Nb6 17. Nc4 Ba6 18. Ng5 Nxc4 19. bxc4 Rc8 20. Qh5 g6 21. Qh3 Nd4 22.
Be3 Bxc4 23. Ne4 Qxe5 24. f4 Qg7 25. Rac1 Ne2+ 26. Kh1 Nxc1 27. Rxc1 Bxa2 28.
Nxc5 O-O 29. f5 exf5 30. Bb7 Rc7 31. Qg2 Qe5 0-1

[Event "chess.com IoM Masters"]
[Site "Douglas ENG"]
[Date "2016.10.07"]
[Round "7.17"]
[White "Granda Zuniga, Julio E"]
[Black "Romanishin, Oleg M"]
[Result "1-0"]
[WhiteTitle "GM"]
[BlackTitle "GM"]
[WhiteElo "2648"]
[BlackElo "2456"]
[WhiteFideId "3800024"]
[BlackFideId "14100088"]
[EventDate "2016.10.01"]

1. b3 e5 2. Bb2 d6 3. e3 Nf6 4. c4 g6 5. d4 Bg7 6. dxe5 Nfd7 7. Qc1 dxe5 8. Nf3
O-O 9. Be2 Re8 10. O-O Nc6 11. Rd1 e4 12. Ne1 Bxb2 13. Qxb2 Qh4 14. Nc3 Nf6 15.
Nd5 Nxd5 16. cxd5 Ne5 17. Rac1 Re7 18. Qd4 Bf5 19. f4 Ng4 20. Bxg4 Qxg4 21. Qb4
Rd7 22. Qxb7 Rad8 23. Rd2 Be6 24. Rc5 Qh4 25. Nc2 Qf6 26. Rd4 Bf5 27. Qb4 Qa6
28. Qa5 Qb6 29. Nb4 Qf6 30. Nc6 Rf8 31. Rc1 g5 32. Rf1 g4 33. Qxa7 g3 34. Ne5
Rd6 35. hxg3 Ra6 36. Qc5 Rxa2 37. Ra4 Re2 38. Raa1 Qg7 39. Rf2 Rxf2 40. Kxf2 f6
41. Nc6 Bd7 42. Nd4 1-0

[Event "chess.com IoM Masters"]
[Site "Douglas ENG"]
[Date "2016.10.07"]
[Round "7.18"]
[White "Meier, Georg"]
[Black "Visakh, N R"]
[Result "1/2-1/2"]
[WhiteTitle "GM"]
[BlackTitle "IM"]
[WhiteElo "2648"]
[BlackElo "2456"]
[WhiteFideId "4675789"]
[BlackFideId "25012223"]
[EventDate "2016.10.01"]

1. Nf3 Nf6 2. g3 d5 3. Bg2 e6 4. O-O Be7 5. c4 O-O 6. d4 dxc4 7. Qc2 a6 8. Qxc4
b5 9. Qc2 Bb7 10. Bg5 Nbd7 11. Bxf6 Nxf6 12. Nbd2 Rc8 13. Nb3 Be4 14. Qc3 Bd5
15. Rfc1 Nd7 16. Ne1 Bxg2 17. Kxg2 c5 18. dxc5 Bxc5 19. Nd3 Be7 20. Qa5 Qb6 21.
a4 Qd6 22. Kg1 Rxc1+ 23. Nbxc1 Rb8 24. axb5 axb5 25. Nb3 e5 26. Nd2 Nf6 27. Nf1
e4 28. Nf4 Qd4 29. Qd2 Qxd2 30. Nxd2 Bd6 31. e3 Be5 32. Ra2 Rd8 33. Nb3 g6 34.
h3 Rd1+ 35. Kg2 Rb1 36. Ra5 Rxb2 37. Rxb5 Bxf4 38. gxf4 Kg7 39. Nd4 Rxb5 40.
Nxb5 Nd5 41. Nd6 f5 42. Kg3 Kf6 43. Nc4 h6 44. f3 exf3 45. Kxf3 g5 1/2-1/2